Statistics for Greek Gods and Goddesses and their Latin Names

Click here to take the quiz!

General Stats

  • This quiz has been taken 360 times
  • The average score is 9 of 18

Answer Stats

HintAnswer% Correct
PoseidonNeptune
93%
AresMars
85%
AphroditeVenus
82%
HermesMercury
78%
HeraJuno
73%
ArtemisDiana
72%
ErosCupid
66%
Pallas AthenaMinerva
65%
CronusSaturn
65%
HephaestusVulcan
60%
HestiaVesta
53%
DemeterCeres
52%
PanFaunus
37%
EosAurora
16%
Phoebus ApolloPhoebus Apollo
12%
ZeusJupiter/Jove
8%
DionysusBacchus/Liber
5%
HadesPluto/Dis
2%

Score Distribution

Percentile by Number Answered

Percent of People with Each Score

Your Score History

You have not taken this quiz